La marihuana de mamá (Record no. 185522)
[ view plain ]
| 000 -LEADER | |
|---|---|
| campo de control de longitud fija | 00822nam a2200229 i 4500 |
| 001 - NÚMERO DE CONTROL | |
| campo de control | 185522 |
| 003 - IDENTIFICADOR DE NÚMERO DE CONTROL | |
| campo de control | SpMaBN |
| 005 - FECHA Y HORA DE LA ÚLTIMA TRANSACCIÓN | |
| campo de control | 20230906222445.0 |
| 008 - DATOS DE LONGITUD FIJA--INFORMACIÓN GENERAL | |
| campo de control de longitud fija | 160628s2002 sp ac |||| |bspa d |
| 020 ## - NÚMERO INTERNACIONAL ESTÁNDAR DEL LIBRO | |
| Número Internacional Estándar del Libro | 84-7901-812-7 |
| 080 ## - NÚMERO DE LA CLASIFICACIÓN DECIMAL UNIVERSAL | |
| Número de la Clasificación Decimal Universal | 929 Shapiro, Dan |
| 080 ## - NÚMERO DE LA CLASIFICACIÓN DECIMAL UNIVERSAL | |
| Número de la Clasificación Decimal Universal | 616-006.6-05 |
| 100 1# - ENTRADA PRINCIPAL--NOMBRE DE PERSONA | |
| Nombre de persona | Shapiro, Dan ( |
| Fechas asociadas al nombre | 1966-) |
| 9 (RLIN) | 160025 |
| 245 13 - MENCIÓN DEL TÍTULO | |
| Título | La marihuana de mamá |
| Resto del título | : cómo sobreviví al cáncer con amor, tenacidad y algo más-- / |
| Mención de responsabilidad, etc. | Dan Shapiro ; [traducción, Carles Andreu y Librada Piñero]. |
| 260 ## - PUBLICACIÓN, DISTRIBUCIÓN, ETC. | |
| Lugar de publicación, distribución, etc. | Barcelona : |
| Nombre del editor, distribuidor, etc. | RBA, |
| Fecha de publicación, distribución, etc. | [2002] |
| 300 ## - DESCRIPCIÓN FÍSICA | |
| Extensión | 251 p. : |
| Otras características físicas | il., retr. ; |
| Dimensiones | 24 cm. |
| 500 ## - NOTA GENERAL | |
| Nota general | "Integral" |
| 596 ## - NOTA AL PIE DE IMPRENTA | |
| NOTA AL PIE DE IMPRENTA | RBA. Integral. |
| 600 17 - PUNTO DE ACCESO ADICIONAL DE MATERIA--NOMBRE DE PERSONA | |
| Nombre de persona | Shapiro, Dan ( |
| Fechas asociadas al nombre | 1966-) |
| 9 (RLIN) | 160025 |
| 650 #7 - PUNTO DE ACCESO ADICIONAL DE MATERIA--TÉRMINO DE MATERIA | |
| Término de materia o nombre geográfico como elemento de entrada | Cáncer- |
| Subdivisión general | Aspectos psicológicos. |
| 9 (RLIN) | 160026 |
| 852 ## - LOCALIZACIÓN | |
| Ubicación | ES-MaACL |
| Número de control de estantería | L-30426 |
| Nota libre | - enc. cart. |
| -- | . - Donat. Miguel A. Velasco |
| Estatus retirado | Estado de pérdida | Estado de daño | No para préstamo | Biblioteca de origen | Biblioteca actual | Ubicación en estantería | Fecha de adquisición | Fuente de adquisición | Total de préstamos | Signatura topográfica completa | Código de barras | Visto por última vez | Precio de reemplazo | Tipo de ítem Koha |
|---|---|---|---|---|---|---|---|---|---|---|---|---|---|---|
| Biblioteca del Ateneo de Madrid | Biblioteca del Ateneo de Madrid | Depósito 2 | 28/06/2016 | L-30426 | 1195523 | 23/02/2023 | 23/02/2023 | Libro impreso |
